Statistics for Top 10 Greatest NBA Players of All Time

Click here to take the quiz!

General Stats

  • This quiz has been taken 64 times
  • The average score is 9 of 10

Answer Stats

HintAnswer% Correct
CavaliersLebron James
100%
BullsMichael Jordan
100%
LakersKobe Bryant
96%
LakersKareem-Abdul Jabbar
92%
SpursTim Duncan
88%
CelticsLarry Bird
86%
LakersShaq
86%
LakersMagic Johnson
84%
RocketsHakeem Olajuwon
73%
LakersWilt Chamberlain
73%

Score Distribution

Percentile by Number Answered

Percent of People with Each Score

Your Score History

You have not taken this quiz